Uudenmaan urheiluseuroja 1 - PK-seutu - Statistics

Yleistilastot
  • Tätä visaa on pelattu 57 kertaa
  • Keskiarvotulos 13 / 24
Vastaustilastot
Kuvavisa Hint Vastaus % Oikein
Liiga | Auroraliiga Helsingin IFK
100%
Mestis Helsingin Jokerit
98%
Liiga | Auroraliiga Kiekko-Espoo
96%
Veikkausliiga Helsingin Jalkapalloklubi
94%
Mestis Kiekko-Vantaa
92%
Veikkausliiga IF Gnistan
90%
M Korisliiga Helsinki Seagulls
79%
Kansallinen liiga | M Kakkonen FC Honka
75%
MN Aktialiiga Grankulla IFK
67%
M F-liiga | N 2. divisioona Esport Oilers
63%
N Kansallinen liiga | M Ykkösliiga PK-35
54%
Vaahteraliiga Helsinki Roosters
52%
M Ykkösliiga Käpylän Pallo
48%
N Superpesis Helsingin Roihu
44%
M Ykköspesis Puna-Mustat
44%
MN Korisliiga Tapiolan Honka
40%
maastohiihto Espoon Hiihtoseura
33%
maastohiihto Vantaan Hiihtoseura
33%
yleisurheilu Espoon Tapiot
31%
yleisurheilu Helsingin Kisa-Veikot
27%
N Futsal-Liiga Esbo Bollklubb
25%
MN Vaahteraliiga Helsinki Wolverines
25%
M Vaahteraliiga East City Giants
19%
Rugbyn SM-sarja Helsinki Rugby Club
13%
Ehtoja vastaavia visoja ei löytynyt
Tulosjakauma
Jokaisen tuloksen saaneiden osuus
Persentiili vastausten määrän mukaan
Tuloshistoriasi
Et ole pelannut tätä visaa